<?xml version="1.0" encoding="UTF-8"?>
<record
    xmlns:xsi="http://www.w3.org/2001/XMLSchema-instance"
    xsi:schemaLocation="http://www.loc.gov/MARC21/slim http://www.loc.gov/standards/marcxml/schema/MARC21slim.xsd"
    xmlns="http://www.loc.gov/MARC21/slim">

  <leader>01026nam a22002537a 4500</leader>
  <controlfield tag="005">20170123164144.0</controlfield>
  <datafield tag="010" ind1=" " ind2=" ">
    <subfield code="a">B-079721</subfield>
  </datafield>
  <datafield tag="020" ind1=" " ind2=" ">
    <subfield code="c">220.00</subfield>
  </datafield>
  <datafield tag="035" ind1=" " ind2=" ">
    <subfield code="a">B-079721</subfield>
  </datafield>
  <datafield tag="037" ind1=" " ind2=" ">
    <subfield code="b">Cen Lib/Ret</subfield>
  </datafield>
  <datafield tag="040" ind1=" " ind2=" ">
    <subfield code="a">DPL</subfield>
    <subfield code="b">PN</subfield>
  </datafield>
  <datafield tag="082" ind1=" " ind2=" ">
    <subfield code="a">&#xA15; </subfield>
    <subfield code="b">&#xA38;&#xA30;&#xA28;&#xA3E;</subfield>
  </datafield>
  <datafield tag="100" ind1=" " ind2=" ">
    <subfield code="a">&#xA38;&#xA30;&#xA28;&#xA3E;, &#xA2E;&#xA4B;&#xA39;&#xA3F;&#xA70;&#xA26;&#xA30; &#xA38;&#xA3F;&#xA70;&#xA18;</subfield>
    <subfield code="9">6443</subfield>
  </datafield>
  <datafield tag="245" ind1=" " ind2=" ">
    <subfield code="a">&#xA15;&#xA24;&#xA32; &#xA2A;&#xA70;&#xA1D;&#xA3E;&#xA02; &#xA2A;&#xA23;&#xA3F;&#xA3E;&#xA02; &#xA26;&#xA3E; :</subfield>
    <subfield code="c">&#xA2E;&#xA4B;&#xA39;&#xA3F;&#xA70;&#xA26;&#xA30; &#xA38;&#xA3F;&#xA70;&#xA18; &#xA38;&#xA30;&#xA28;&#xA3E; </subfield>
    <subfield code="b">&#xA26;&#xA47;&#xA38;&#xA3C;-&#xA1E;&#xA70;&#xA21; &#xA26;&#xA3F;&#xA06;&#xA02; &#xA15;&#xA39;&#xA3E;&#xA23;&#xA3F;&#xA06;&#xA02; /</subfield>
  </datafield>
  <datafield tag="246" ind1=" " ind2=" ">
    <subfield code="a">Katal panjhan paniya da : short stories /</subfield>
    <subfield code="b">by Mohinder Singh Sarna</subfield>
  </datafield>
  <datafield tag="260" ind1=" " ind2=" ">
    <subfield code="a">&#xA26;&#xA3F;&#xA71;&#xA32;&#xA40; </subfield>
    <subfield code="b">&#xA06;&#xA30;&#xA38;&#xA40; &#xA2A;&#xA2C;&#xA32;&#xA3F;&#xA38;&#xA3C;&#xA30;&#xA1C;&#xA3C; </subfield>
    <subfield code="c">2004</subfield>
  </datafield>
  <datafield tag="270" ind1=" " ind2=" ">
    <subfield code="a">&#xA1A;&#xA3E;&#xA02;&#xA26;&#xA28;&#xA40; &#xA1A;&#xA4B;&#xA15; </subfield>
    <subfield code="b">&#xA26;&#xA3F;&#xA71;&#xA32;&#xA40; </subfield>
    <subfield code="e">110006</subfield>
  </datafield>
  <datafield tag="300" ind1=" " ind2=" ">
    <subfield code="a">232p ; </subfield>
    <subfield code="c">20cm</subfield>
  </datafield>
  <datafield tag="650" ind1=" " ind2=" ">
    <subfield code="a">&#xA2A;&#xA70;&#xA1C;&#xA3E;&#xA2C;&#xA40; -- &#xA15;&#xA39;&#xA3E;&#xA23;&#xA40;&#xA06;</subfield>
    <subfield code="9">120043</subfield>
  </datafield>
  <datafield tag="650" ind1=" " ind2=" ">
    <subfield code="a">&#xA38;&#xA3E;&#xA39;&#xA3F;&#xA24; -- &#xA2A;&#xA70;&#xA1C;&#xA3E;&#xA2C;&#xA40; </subfield>
    <subfield code="9">120044</subfield>
  </datafield>
  <datafield tag="650" ind1=" " ind2=" ">
    <subfield code="a">literature -- Punjabi</subfield>
    <subfield code="9">114104</subfield>
  </datafield>
  <datafield tag="650" ind1=" " ind2=" ">
    <subfield code="a">Punjabi -- story</subfield>
    <subfield code="9">116063</subfield>
  </datafield>
  <datafield tag="942" ind1=" " ind2=" ">
    <subfield code="2">ddc</subfield>
    <subfield code="c">PN</subfield>
    <subfield code="h">&#xA15; </subfield>
    <subfield code="m">&#xA38;&#xA30;&#xA28;&#xA3E;</subfield>
  </datafield>
  <datafield tag="999" ind1=" " ind2=" ">
    <subfield code="c">109854</subfield>
    <subfield code="d">109854</subfield>
  </datafield>
  <datafield tag="952" ind1=" " ind2=" ">
    <subfield code="0">0</subfield>
    <subfield code="1">0</subfield>
    <subfield code="4">0</subfield>
    <subfield code="7">0</subfield>
    <subfield code="a">L</subfield>
    <subfield code="b">L</subfield>
    <subfield code="d">2016-01-08</subfield>
    <subfield code="e">Cen Lib/Ret</subfield>
    <subfield code="g">220.00</subfield>
    <subfield code="l">0</subfield>
    <subfield code="o">&#xA15;  &#xA38;&#xA30;&#xA28;&#xA3E;</subfield>
    <subfield code="p">B-079721</subfield>
    <subfield code="r">2016-01-08 00:00:00</subfield>
    <subfield code="t">1</subfield>
    <subfield code="v">220.00</subfield>
    <subfield code="w">2016-01-08</subfield>
    <subfield code="y">PN</subfield>
  </datafield>
</record>
